00306nam a2200133Ia 4500003000900000008004100009040001300050040001300063245005700076245001100133260001400144300000800158490000600166IT-RoPAU120407s9999 xx 000 0 und d aIT-RoPAU cIT-RoPAU aDizionario dei concetti biblici del Nuovo testamento cAA.VV. aDehoniane c cm v1